Statistics for Cities in the Seattle Metro Area on a Map

Click here to take the quiz!

General Stats

  • This quiz has been taken 151 times
  • The average score is 27 of 84

Answer Stats

Population City % Correct
744,955Seattle
99%
216,279Tacoma
97%
147,599Bellevue
88%
111,262Everett
88%
129,618Kent
83%
67,678Redmond
79%
102,153Renton
78%
11,401East Renton Highlands
78%
89,557Kirkland
73%
97,044Federal Way
66%
81,905Auburn
66%
39,378Issaquah
62%
25,976Mercer Island
62%
29,239SeaTac
62%
56,752Shoreline
61%
41,886Puyallup
58%
46,657Bothell
55%
38,511Lynnwood
53%
42,767Edmonds
52%
20,294Tukwila
49%
9,635Vashon
48%
69,779Marysville
46%
10,185Snohomish
44%
32,364Des Moines
44%
65,733Sammamish
44%
13,752Snoqualmie
43%
51,908Burien
42%
12,815Woodinville
41%
10,191Fife
39%
7,136North Bend
39%
60,538Lakewood
38%
21,545Mukilteo
37%
15,300White Center
37%
19,363Monroe
31%
21,420Mountlake Terrace
30%
10,422Gig Harbor
29%
23,093Kenmore
28%
11,823Newcastle
27%
11,878Enumclaw
27%
13,569Lake Forest Park
27%
27,114Maple Valley
26%
33,740University Place
25%
21,092Bonney Lake
22%
19,803Arlington
22%
20,986Mill Creek
21%
8,061Duvall
21%
21,202Covington
20%
30,528Spanaway
20%
33,378Lake Stevens
20%
10,173Sumner
18%
11,443Maltby
18%
9,503DuPont
17%
6,660Normandy Park
15%
5,194Sultan
15%
8,817Alderwood Manor
14%
26,939Graham
13%
37,019Parkland
13%
7,204Stanwood
12%
7,219Pacific
12%
8,258Milton
12%
8,395Orting
11%
6,373Steilacoom
11%
56,379South Hill
11%
18,365Bryn-Mawr Skyway
11%
6,978Brier
11%
11,654Edgewood
9%
6,810Fircrest
9%
23,941Cottage Lake
8%
6,736Hobart
7%
12,487Lakeland North
6%
19,531Fairwood
6%
22,109Union Hill-Novelty Hill
6%
13,982Lakeland South
6%
18,566Martha Lake
5%
14,280Elk Plain
5%
8,792Midland
5%
8,064Waller
4%
21,737Frederickson
4%
5,826Woods Creek
4%
9,667Lake Stickney
3%
11,201Lake Morton-Berrydale
3%
12,937Artondale
3%
12,733Prairie Ridge
2%
22,937Silver Firs
2%

Score Distribution

Percentile by Number Answered

Percent of People with Each Score

Your Score History

You have not taken this quiz